BIBLIOTHÈQUE DE LA MAISON DU MEXIQUE

Logo 1 Logo 2

Estudios (notice nᵒ 6954)

détails MARC
000 -Sello discográfico
campo de control de longitud fija 00888nam a2200277 4500
005 - Identificación de versión
campo de control 20251016084739.0
099 ## - fechas locales
Tipo de ítem Koha LIBRO
100 ## - Datos de procesamiento general
Datos de procesamiento general 20231123d1941 m y1spay5003 ba
105 ## - Campo de datos codificados: Material textual, monográfico
Datos codificados de monografía a 001zy
200 1# - Título y mención de responsabilidad
Título propio Estudios
Designación general del material texto impreso
Primer mención de responsabilidad Gabino Barreda
Declaración de responsabilidad subsiguiente selección y prólogo José Fuentes Mares
210 ## - Publicación, distribución, etc.
Lugar de publicación, distribución, etc. México
Nombre del editor, distribuidor, etc. Ediciones de la Universidad Nacional Autónoma
Fecha de publicación, distribución, etc. 1941
215 ## - Descripción física
Designación de material específico y extensión del ítem 177 p
Otras características físicas il.
Dimensiones 20 cm
345 ## - Nota de información de adquisición
Fuente de adquisición/dirección de la suscripción [OBSOLETO] Donación
410 #1 - Series
Título Biblioteca del Estudiante Universitario
Número de volumen 26
606 ## - Término temático usado como materia
Elemento de entrada Ensayos mexicanos
Subdivisión cronológica Siglo XIX
Número Koha 13004
660 ## - Código de área geográfica
Código MX
700 ## - Nombre personal - Responsabilidad primaria
Elemento de entrada Barreda
Parte del nombre distinta del elemento de entrada Gabino
Fechas 1818-1881
Número Koha 13005
702 ## - Nombre personal - Responsabilidad secundaria
Elemento de entrada Fuentes Mares
Parte del nombre distinta del elemento de entrada José
Fechas 1915-1986
Número Koha 266
801 #0 - Fuente de origen
País FR
Agencia cm
Reglas de catalogación (convenciones descriptivas) AFNOR
900 ## -
-- 1/22514
900 ## -
-- 7100417642\080104
942 ## - ELEMENTOS DE ENTRADA SECUNDARIOS (KOHA)
Tipo de ítem Koha Livre
996 ## -
-- MEX
-- 751145101
-- MMAG
-- 009108
-- 082.1 B820 V.26
-- 20231123LIV
Exemplaires
Estatus retirado Estado de daño Estado de pérdida Fecha de adquisición Biblioteca de origen Biblioteca actual Ubicación en estantería Código de barras Precio de reemplazo Signatura topográfica completa No para préstamo Tipo de ítem Koha Nota pública Nota no pública
      05/08/2025 Casa México Paris Casa México Paris   009108 05/08/2025 082.1 B820 V.26   Livre 20231123LIV 751145101